000 00312nam a22001097a 4500
008 170302b xxu||||| |||| 00| 0 eng d
050 _aJX1977.A1 U564(1968 vol. 5)
245 _aUN monthly chronicle index . /
260 _aNew York.
_bUnited Nations;
_c1968.
300 _avarious pagings
_c23.5cm
942 _2lcc
_cBK
999 _c6299
_d13799